000 00701nmc a2200265 a 4500
003 AR-BaBNM
005 20251128211258.0
008 063120s1995 ||||||||||||||000 | spa||
020 _a950-766-010-0
040 _cAR-BaBNM
100 1 _aRozé, Jorge P.
245 1 0 _aFracciones agrarias y vivienda rural en Misiones
260 _aBuenos Aires
_bEditorial universitaria
_c1995
300 0 _a180 p.
490 0 _aContemporánea
650 4 _aHISTORIA PROVINCIAL ARGENTINA
650 4 _aSOCIOLOGIA RURAL
650 4 _aPROPIEDAD DE LA TIERRA
650 4 _aVIVIENDA
651 4 _aMisiones
653 0 _aVIDA PRIVADA
700 1 _aVaccarezza, Leonardo
942 _cBK
998 _cMariana
999 _c18970
_d18970